Not so common leasehold market (Record no. 68279)
[ view plain ]
| 000 -LEADER | |
|---|---|
| fixed length control field | 01061cam a2200217 4500 |
| 001 - CONTROL NUMBER | |
| control field | ABS64563 |
| 008 - FIXED-LENGTH DATA ELEMENTS--GENERAL INFORMATION | |
| fixed length control field | 010917n2001 000 0 eng u |
| 035 ## - SYSTEM CONTROL NUMBER | |
| System control number | (Sirsi) u114612 |
| 100 ## - MAIN ENTRY--PERSONAL NAME | |
| Personal name | Romney, C. |
| 245 ## - TITLE STATEMENT | |
| Title | Not so common leasehold market |
| 260 ## - PUBLICATION, DISTRIBUTION, ETC. | |
| Date of publication, distribution, etc. | 2001 |
| 490 ## - SERIES STATEMENT | |
| Series statement | Estates Gazette |
| Volume/sequential designation | (0136) 8 September 2001, 176-177(2) |
| 520 ## - SUMMARY, ETC. | |
| Summary, etc. | Discusses some of the major differences in leases in European countries, which institutional investors looking to invest in property overseas, and occupiers taking a lease of overseas premises, need to be aware of. Among the issues considered are: privity of contract, the term of leases, rent review, alienation by tenant, repair and decoration, and a landlord's right to terminate for tenant breach. Despite the differences sited, concludes that central European systems tend to reflect the UK/US style of lease to a greater extent. |
| 590 ## - LOCAL NOTE (RLIN) | |
| Local note | ABS |
| 650 ## - SUBJECT ADDED ENTRY--TOPICAL TERM | |
| Topical term or geographic name entry element | EUROPE |
| 650 ## - SUBJECT ADDED ENTRY--TOPICAL TERM | |
| Topical term or geographic name entry element | LEASES |
| 650 ## - SUBJECT ADDED ENTRY--TOPICAL TERM | |
| Topical term or geographic name entry element | UK INVESTORS |
| 690 ## - LOCAL SUBJECT ADDED ENTRY--TOPICAL TERM (OCLC, RLIN) | |
| Topical term or geographic name as entry element | LANDLORD AND TENANT-LEASES |
| 700 ## - ADDED ENTRY--PERSONAL NAME | |
| Personal name | Badham, S. |
| 942 ## - ADDED ENTRY ELEMENTS (KOHA) | |
| Suppress in OPAC | 0 |
| Withdrawn status | Lost status | Source of classification or shelving scheme | Damaged status | Not for loan | Home library | Current library | Shelving location | Date acquired | Total Checkouts | Full call number | Barcode | Date last seen | Copy number | Price effective from | Koha item type |
|---|---|---|---|---|---|---|---|---|---|---|---|---|---|---|---|
| Dewey Decimal Classification | London | London | Journal article | 17/09/2001 | ABS64563 | 114612-1001 | 06/08/2019 | 1 | 06/08/2019 | Journal article |